Hit Songs Written By Canadians - Statistics

General Stats
  • This quiz has been taken 33 times
  • The average score is 7 of 15
Answer Stats
Hint Answer % Correct
My Heart Will Go On Celine Dion
91%
Call Me Maybe Carly Rae Jepsen
81%
Baby Justin Bieber
72%
Hotline Bling Drake
69%
Girlfriend Avril Lavigne
59%
Heart of Gold Neil Young
59%
Hallelujah Leonard Cohen
56%
Big Yellow Taxi Joni Mitchell
50%
Seasons in the Sun Terry Jacks
34%
The Weight The Band
31%
Life Is A Hghway Tom Cochrane
25%
The Hills The Weekend
22%
If I Had $1,000,000 Barenaked Ladies
19%
The Suburbs Arcade Fire
13%
Wavin' Flag K'NAAN
9%
No matching quizzes found
Score Distribution
Percent of People with Each Score
Percentile by Number Answered
Your Score History
You have not taken this quiz